000 00711nam a2200241Ia 4500
003 OSt
005 20220925215431.0
006 a|||||r|||| 00| 0
007 ta
008 220923b |||||||| |||| 00| 0 eng d
037 _cGeneral Book
040 _aRTL
_cRTL
_beng
041 _2eng
_aeng
082 _aU8.2.N6, K6
100 _aNewby Eric
_995028
245 0 _aSlowly down the Ganges
260 _aLondon
_bHodder and Stoughton U K
_c1967
300 _a326p. P.64,65,80,81,160,161,176,177,224,225,240.241,288,289,304,305.
_ccm.
500 _aBibliography p. 319-20; Index:P321-26
650 _aTravel
942 _hU8.2.N6, K6
_cGB
_2CC
999 _c568808
_d568808